Les Isabelle célèbres - Statistiques

Statistiques générales
  • Ce quiz a été pris 324 fois
  • Le résultat moyen est 7 sur 15
Statistiques - réponses
Indice Réponse % Correct
Actrice qui a pris une gifle en début de carrière Isabelle Adjani
88%
Chanteuse française qui est très volontaire (Isabelle Geoffroy de son vrai nom) Zaz
74%
Chanteuse française zen (de son vrai nom Isabelle de Truchis de Varennes) Zazie
70%
Chanteuse québecoise Isabelle Boulay
66%
Femme politique, épouse du maire de Levallois-Perret Isabelle Balkany
63%
Actrice qui a commencé dans la dentelle Isabelle Huppert
63%
Reine d'Espagne Isabelle de Castille
48%
Actrice italo-américaine (prénom Isabella) Isabella Rossellini
46%
Navigatrice et écrivaine, actuelle présidente du WWF Isabelle Autissier
33%
Ecrivaine chilienne au patronyme célèbre Isabelle Allende
32%
Chanteuse française lauréate de l'Eurovision en 1962 Isabelle Aubret
32%
Patineuse artistique française et canadienne, en duo avec son frère Paul Isabelle Duchesnay
23%
Journaliste, écrivaine et chienne de garde Isabelle Alonso
22%
Actrice, comédienne et écrivaine française, qui à passé l'hiver sous la table Isabelle Carré
15%
Exploratrice et écrivaine (1877-1904) Isabelle Eberhardt
5%
Aucun quiz correspondant
Distribution des résultats
% des personnes avec chaque résultat
Percentile par nombre de réponses
Votre historique - résultats
Vous n’avez pas pris ce quiz